Tyrone Lane Quiz Stats

 Plays Quiz not verified by Sporcle

Challenge
Share
Tweet
Embed
Score 0/24 Timer 15:00
0 Plays Today
Hint Answer % Correct
Best FriendKeenan Ogawa
100%
Best FriendRichy Tran
100%
Favorite TeacherMr. Golden
100%
Where Does He Live In Where in HonoluluPalolo
100%
What Elementary School He When TooAliiolani Elementary School
100%
What Middle School He When TooJarrett Middle School
100%
What High School Is he at nowKaimuki High School
100%
Favorite NFL TeamDallas Cowboys
83.3%
Born in What Year2001
83.3%
Born in what Us CountryHonolulu
83.3%
What Iphone does he haveI Phone 6
83.3%
Favorite SubjectSocial Studies
83.3%
Hint Answer % Correct
What Hobbies does he likes a lotVideo Games
83.3%
Favorite TeacherMr. Carr
83.3%
Best FriendCiena Lucas
66.7%
What Hobbies does he likes a lotComputers
66.7%
Best Friend Kaycee Bungcayao
66.7%
Best FriendDanielle Murray
66.7%
Best FriendVincent Cho Jae
66.7%
Favorite TeacherMs. Yee
66.7%
How Many Brothers does he have1
50%
Best FriendBrenton Sasaoka
50%
Tyrone GirlfriendJasmine Chippen
40%
Best FriendEsther TJ Miguel Nakahara
40%

You're not logged in!

Compare scores with friends on all Sporcle quizzes.
Join for Free
OR
Log In

You Might Also Like...

Show Comments

Extras

Created Jan 28, 2016ReportFavoriteNominate
Tags:lane

Top Quizzes Today


Score Distribution

Your Account Isn't Verified!

In order to create a playlist on Sporcle, you need to verify the email address you used during registration. Go to your Sporcle Settings to finish the process.

Report this User

Report this user for behavior that violates our Community Guidelines.

Details: